000 00258nam a22001217a 4500
008 170522b xxu||||| |||| 00| 0 eng d
041 _aeng
080 _a94
100 _a16
101 _aSHH
245 _aTHE WESTERN TRADITION
_cWEBER, E
942 _2udc
_cBK
999 _c13731
_d13731